A guide to the first and second Egyptian rooms : Predynastic antiquities, mummies, mummy-cases, and other objects connected with the funeral rites of the ancient Egyptians.
Other Authors: ,
Format: Book
Language: English
Published:
[London] :
Printed by order of the Trustees,
1904.
Edition: 2nd ed.
Subjects:
Tags: Add Tag
Call Number: DT59 .B7 1904
| LEADER | 01106nam a2200289I 4500 | ||
|---|---|---|---|
| 001 | 5381 | ||
| 003 | OSt | ||
| 005 | 20260510094016.0 | ||
| 008 | 130303s1904 enkaf 000 0 eng d | ||
| 010 | |a 05016229 | ||
| 040 | |c ARCE Library | ||
| 043 | |a f-ua--- | ||
| 050 | 4 | |a DT59 .B7 1904 | |
| 110 | 2 | |a British Museum. |b Department of Egyptian and Assyrian Antiquities. |e | |
| 245 | 1 | 2 | |a A guide to the first and second Egyptian rooms : |b Predynastic antiquities, mummies, mummy-cases, and other objects connected with the funeral rites of the ancient Egyptians. |
| 250 | |a 2nd ed. | ||
| 264 | 1 | |a [London] : |b Printed by order of the Trustees, |c 1904. | |
| 300 | |a viii pages, 1 l., 156 pages : |b illustrations, xxxii plates ; |c 22 cm. | ||
| 500 | |a Prepared by E. A. Wallis Budge, assisted by H. R. Hall. | ||
| 650 | 0 | |a Funeral rites and ceremonies |z Egypt. | |
| 650 | 0 | |a Mummies. | |
| 651 | 0 | |a Egypt |x Antiquities. | |
| 700 | 1 | |a Budge, E. A. Wallis, |q (Ernest Alfred Wallis), |c Sir, |d 1857-1934. | |
| 700 | 1 | |a Hall, H. R. |q (Harry Reginald), |d 1873-1930. | |
| 901 | |a reviewed | ||
| 942 | |c BK |2 lcc | ||
| 999 | |c 9296 |d 9296 | ||
